| 000 | 00576nam a22002057a 4500 | ||
|---|---|---|---|
| 005 | 20231025172319.0 | ||
| 008 | 230321b |||||||| |||| 00| 0 eng d | ||
| 020 | _a0198239165 | ||
| 040 | _aMCHVL | ||
| 041 | _aEnglish | ||
| 082 |
_a170 _bKAG |
||
| 100 | _aKagan, Shelly | ||
| 245 |
_aThe limits of morality / _cShelly Kagan |
||
| 260 |
_aNew York : _bOxford University, _c1989. |
||
| 300 |
_axii, 415p. ; _c21cm. |
||
| 490 | _aOxford ethics / edited by Derek Parfit | ||
| 500 | _aIncludes bibliographical references and index. | ||
| 650 | _aEthics | ||
| 942 | _cBK | ||
| 999 |
_c4812 _d4812 |
||